000 00723nam a2200205Ia 4500
005 20240530103047.0
008 140319s1994 xx 000 0 ara d
040 _aGCL /
_cGCL
082 0 4 _a922.582 /
_bا م
100 1 _aامين الخولى
245 1 0 _aمالك بن انس :
_bثلاثة اجزاء فى مجلد واحد /
_cامين الخولى
260 _aالقاهرة :
_bالهيئة المصرية العامة للكتاب،
_c1994
300 _a534 ص ؛
_c24 سم
490 _aالاعمال الكاملة
_v0
650 0 4 _aالاسلام - تراجم
650 0 4 _aالفقهاء
650 0 4 _aانس بن مالك
942 _2ddc
_cBK
999 _c36513
_d36513